000 00583cam a2200205 i 4500
008 220105t20222022enka 000 p eng d
020 _a9781529390186
020 _a1529390184
050 0 0 _aPR6113.A484
_bL54 2022
082 0 4 _a821.92
100 1 _aManawer, Hussain,
245 1 0 _aLife is sad and beautiful :
_bby the original mummy's boy /
_cHussain Manawer.
260 _aLondon
_bHodder and Stroughton
_c2022
300 _axxiv, 295 pages :
_billustrations ;
650 0 _aMothers
_vPoetry.
650 0 _aSons
_vPoetry.
650 7 _aMothers.
650 7 _aSons.
942 _cBK
999 _c3437
_d3437